000 00304nam a2200109Ia 4500
008 220204s9999 xx 000 0 und d
082 _a294.5+330.34
_bSHA
100 _aSHARMA
245 0 _aHindu scriptural value system and the economic development of India
260 _aDelhi
_bChawla
_c1980
942 _cBK
999 _c39753
_d39753